AH International Schools' Libraries

Normal view MARC view
  • Animals

Entry Topical Term

Number of records used in: 1

001 - CONTROL NUMBER

  • control field: 75077

003 - CONTROL NUMBER IDENTIFIER

  • control field: OSt

005 - DATE AND TIME OF LATEST TRANSACTION

  • control field: 20200207111426.0

008 - FIXED-LENGTH DATA ELEMENTS

  • fixed length control field: 200207|| aca||aabn | a|a d

040 ## - CATALOGING SOURCE

  • Original cataloging agency: OSt
  • Transcribing agency: OSt

150 ## - HEADING--TOPICAL TERM

  • Topical term or geographic name as entry element: Animals
  • Form subdivision: Juvenile Fiction

670 ## - SOURCE DATA FOUND

  • Source citation: Work cat.: (OSt): Cousins, Lucy 55447, Maisy goes camping /, 2004

For any Logos Library related questions please contact Miss Art at swongnarasuk@asianhope.org.

For any Asian Hope Library related questions please contact Miss Raza at graza@asianhope.org.

Powered by Koha